| 000 | 01691nam a22002897a 4500 | ||
|---|---|---|---|
| 005 | 20180213113924.0 | ||
| 010 | _a1516EN07 ENG-114625 | ||
| 020 |
_a9789380853970 _c1295.00 |
||
| 035 | _aEN-98157 | ||
| 035 | _aB-605749-763 | ||
| 035 | _aB-663682 | ||
| 037 |
_aDPL _bViva/Ven |
||
| 037 | _bDBAD/PUB | ||
| 082 | _a628.50154 | ||
| 100 | _aGirard, James E. | ||
| 245 |
_aPrinciples of environmental chemistry / _cby James E.Girard |
||
| 250 | _a3rd ed | ||
| 260 |
_aNew Delhi _bJones and Bartlett _c2015 |
||
| 270 |
_aB-1,4262/3,Ansari Road, Daryaganj _bNew Delhi _e110002 |
||
| 300 |
_axxiii,711p.: _c25cm(pbk) _bill |
||
| 500 | _aIncludes index | ||
| 505 | _aPlanet Earth : rocks, life, and history -- The Earth's atmosphere -- Global warming and climate change -- Chemistry of the troposphere -- Chemistry of the stratosphere -- Analysis of air and air pollutants -- Water resources -- Water pollution and water treatment -- Analysis of water and wastewater -- Fossil fuels : our major source of energy -- Nuclear power -- Energy sources for the future -- Inorganic metals in the environment -- Organic chemicals in the environment -- Insecticides, herbicides, and insect control -- Toxicology -- Asbestos -- The disposal of dangerous wastes. | ||
| 650 | _aEnvironmental chemistry. | ||
| 942 |
_2ddc _cEN _mGIR _h628.50154 |
||
| 999 |
_c96093 _d96093 |
||